| 000 | 00604 a2200169 4500 | ||
|---|---|---|---|
| 003 | Nust | ||
| 005 | 20221227133955.0 | ||
| 040 | _cNust | ||
| 082 | _a297.63, JAW | ||
| 100 |
_aAL - JAwziyyal, Ibn Qayyim _9106039 |
||
| 245 |
_aThe Prophetic Medicine/ _c Ibn Qayyim AL - JAwziyyal |
||
| 260 |
_aKarachi _bDarul Ishaat _c1997 |
||
| 300 | _a479:p | ||
| 505 | _aPART-1: The Treatment by the Natural Medicines (Page-29), PART-2: In His Guidance in the Treatment by the Divine Spiritual Simple and Compound Medicament s (Page-194), PART-3: (Page-342). | ||
| 650 |
_aThe Prophetic _9106040 |
||
| 942 |
_2ddc _cBK |
||
| 999 |
_c185184 _d185184 |
||